Members of Dal Shabet (Kpop) - Statistics

General Stats
  • This quiz has been taken 56 times
  • The average score is 5 of 7
Answer Stats
Answer % Correct
Serri
93%
Subin
90%
Ahyoung
80%
Woohee
77%
Jiyul
70%
Gaeun
63%
Viki
60%
No matching quizzes found
Score Distribution
Percent of People with Each Score
Percentile by Number Answered
Your Score History
You have not taken this quiz